[Event "NED-ch53"]
[Site "Rotterdam"]
[Date "1998.07.01"]
[Round "9"]
[White "Nikolic, Predrag"]
[Black "Reinderman, Dimitri"]
[Result "1-0"]
[WhiteElo "2635"]
[BlackElo "2480"]
[Annotator "Stohl,I"]
[PlyCount "85"]
[EventDate "1998.06.21"]
[EventType "tourn"]
[EventRounds "11"]
[EventCountry "NED"]
[EventCategory "12"]
[SourceTitle "CBM 066"]
[Source "ChessBase"]
[SourceDate "1998.09.30"]
[SourceVersion "1"]
[SourceVersionDate "1998.09.30"]
[SourceQuality "1"]

1. d4 g6 2. Nf3 Bg7 3. g3 c5 4. d5 d6 5. c4 Nf6 6. Nc3 O-O 7. Bg2 e6 8. O-O
exd5 9. cxd5 Re8 10. Nd2 a6 11. a4 Nbd7 12. a5 ({More attention deserves} 12.
Ra2 $5 Rb8 13. a5 b5 14. axb6 Nxb6 15. b3 Bb7 16. e4 Nfd7 17. Qc2 Ne5 18. Nd1
a5 19. f4 Ng4 20. h3 Bd4+ 21. Kh1 Ne3 22. Nxe3 Bxe3 23. Bb2 Ba6 24. Rfa1 Bd4
25. Bxd4 cxd4 26. Rxa5 $16 {Gavrikov,V-Gheorghiu,F/SUI-chT/1996/}) ({The text
move is considered tame and inferior to the main moves} 12. Nc4 {or}) (12. h3)
12... Rb8 ({Black often plays also} 12... b5 13. axb6 Nxb6 14. Ra3 $5 ({
A well-known drawing mechanism is} 14. Nb3 Nc4 15. Ra4 (15. Qd3 Rb8 $1 16. Qxc4
Rb4 $132) 15... Nb6 16. Ra2 Nc4 17. Ra4 Nb6 18. Ra2 Nc4 19. Ra4 $11 {1/2,
Razuvaev,Y-Tal,M/Sochi/1986/}) (14. Qc2 Rb8 15. e4 Nfd7 16. Nd1 a5 17. Ne3 Ba6
18. Rd1 a4 19. Ra3 Qc8 20. Bh3 Qc7 21. b3 axb3 22. Rxb3 Rb7 23. Bb2 Bxb2 24.
Rxb2 Ne5 25. Ra1 Be2 26. Bf1 Bxf1 27. Rxf1 h5 28. Rfb1 Reb8 $11 {Soppe,
G-Hoffman,A/Buenos Aires ARG-ch/1998/}) 14... Ng4 15. Qc2 f5 16. b3 Rb8 17. Bb2
Qe7 18. e3 Qf7 19. Ba1 g5 20. h3 Ne5 21. f4 gxf4 22. exf4 Ned7 23. Nf3 h6 24.
Nh4 Nf8 25. Bf3 Re3 26. Kh2 Qe7 27. Ng2 Rxf3 28. Rxf3 Qf7 29. Ne3 Nh7 30. Qd3
$14 {Ilincic,Z-Kovacevic,A/Niksic/1997/}) 13. Nc4 Ne5 14. Nb6 Ned7 (14... Nfd7
15. Nxc8 Qxc8 16. h3 b6 17. axb6 Rxb6 18. Qa4 Nb8 19. Qh4 Rb4 20. Ne4 Qd8 21.
Bg5 Qb6 22. f4 Ned7 23. f5 f6 24. fxg6 hxg6 25. Bd2 Rxb2 26. Bc3 Rxe2 27. Qg4
c4+ 28. Kh1 Qe3 $13 {1/2,Daneri,M-Garcia,O/Havana op/1994/}) 15. Nxc8 $6 {
Perhaps an unjustified attempt to avoid a draw, as now Black's pieces are well
placed for play on the soon to be open b-file.} (15. Nc4 Ne5 16. Nb6 Nfd7 17.
Nxc8 Rxc8 18. Bh3 f5 19. e4 Qf6 20. exf5 gxf5 21. Qh5 Rf8 22. Ne2 Nd3 23. Nf4
Nxf4 24. Bxf4 Ne5 25. Ra3 Qg6 26. Qd1 c4 27. Bxe5 Bxe5 28. Ra4 Rc7 $11 {
Maiwald,J-Gruenberg,H/BL/1994/}) 15... Qxc8 16. e4 (16. Ra2 $5 b5 17. axb6 Rxb6
18. Qc2 $11) 16... b5 17. axb6 Rxb6 18. Re1 Qb7 19. Bf1 $6 (19. f4 $142 Rb4 $13
) 19... Ra8 20. Ra5 Rb4 21. Qe2 Ne5 $1 22. f4 Nc4 $36 23. Ra2 (23. Ra4 Rxa4 24.
Nxa4 Na5 25. Nc3 Nb3 $15) 23... Nd7 24. Bg2 $1 {[%csl Gd5,Ge4][%cal Ye4e5] [+]
<=> Black has overwhelming play on the <<, so White must go for it on the
other side without being too squeamish about the costs. His counterplay
certainly can't be underestimated, as there are not too many defenders around.}
Bd4+ $6 {[%csl Rg7] In the course of the game Black's K will miss this B
dearly. See also the note above.} (24... Rb8 25. e5 $1 Nxb2 (25... dxe5 26. d6
Qa7 27. Nd5 exf4 28. Nxb4 cxb4+ 29. Kh1 $36) 26. Rxa6 Nc4 27. Qa2 $132) ({
More circumspect was} 24... Re8 $142 $5 $15) 25. Kh1 Rb8 26. e5 $1 $132 Nxb2 (
26... dxe5 27. d6 Qb6 28. Nd5 Qxd6 29. b3 $5 $16) 27. Ne4 dxe5 28. f5 $1 $44 {
-> Cutting off the Bd4 for good. Suddenly it's not easy for Black's pieces to
come to the defence and White whips up a strong tactical attack seemingly out
of nowhere.} c4 (28... Qb5 29. Qd2 $40 {is similar to the game.}) (28... gxf5
29. Nd6 $44 {[%csl Rf6,Rg7,Rh6][%cal Rd6f5] /\Nf5׻}) 29. Qd2 $1 Qb6 (29... Nd3
30. f6 $1 Rb6 (30... Nxe1 $2 31. Qh6 $18) (30... Kh8 31. Qh6 Rg8 32. Nd6 $1
Nxf6 33. Nxb7 Ng4 34. Qh4 Ngf2+ 35. Kg1 $16) 31. Rf1 $40) 30. d6 Qd8 (30... Nd3
31. Qh6 (31. f6 $2 Qd8 32. Rf1 Rb1 $19) 31... gxf5 32. Rf1 $5 $40 {/\} (32. Ng5
Nf8 33. Bd5 Rb7 $1 34. Qf6 Qa7 35. Rxa6 e4 $1 $17) 32... fxe4 33. Bxe4 Nf8 34.
Qf6 $1 Qa7 35. Bh6 Ne6 36. Qf5 Nf8 37. Qg5+ Ng6 38. Qf6 $18) 31. Qh6 Nf6 $5 (
31... Qf8 32. Qh4 {[%cal Rc1h6] /\Bh6->}) (31... gxf5 $143 32. Ng5 Nf6 33. Bd5
$1 Qxd6 34. Bxf7+ Kh8 35. Be6 Qc6+ 36. Re4 $1 $18) (31... Nd3 32. fxg6 hxg6 33.
Ng5 Nf6 34. Bd5 $1 $18) 32. fxg6 (32. Bg5 $2 Nxe4 33. Bxd8 Nf2+ 34. Kg1 Ng4+
$19) 32... fxg6 $2 {Loses by force. But White already has at least a draw after
} (32... hxg6 $8 33. Bg5 (33. Rf1 Nxe4 34. Bxe4 Qxd6 35. Rxf7 $2 (35. Bg5 $1 {
-33.Bg5}) 35... Kxf7 36. Qh7+ Ke6 37. Qxg6+ Kd7 $19) 33... Nxe4 (33... Ng4 34.
Qh4 $18) 34. Bxe4 (34. Rxe4 Qxd6 35. Rh4 e4 $1 $15) 34... Qxd6 35. Rf1 R4b6 (
35... Qf8 36. Qh4 Qg7 37. Bd5 $36) 36. Rxf7 $1 Kxf7 37. Qh7+ Kf8 (37... Ke8 $4
38. Bxg6+ $1 $18) 38. Qh8+ $11) 33. Nxf6+ Qxf6 34. Rf1 Qxd6 35. Rxa6 $1 $18 {
The previously passive R joins the attack decisively.} Qd7 (35... Qxa6 $2 36.
Bd5+ Kh8 37. Rf8+ $18) (35... R4b6 36. Ra7 $18) (35... Qe7 36. Bd5+ Kh8 37. Rf7
$18 (37. Bg5 $18)) 36. Raf6 Bc5 37. Be3 $1 {Deflects the Bc5.} R4b6 (37... Bxe3
38. Rf8+ Rxf8 39. Rxf8#) 38. Rf7 {Even stronger than} (38. Bxc5 Rxf6 39. Rxf6
Qg7 40. Bd5+ $18) 38... Qxf7 $8 39. Rxf7 Kxf7 40. Qxh7+ Kf6 41. Bxc5 Nd3 42.
Qh4+ Kf5 $6 (42... Ke6 43. Qxc4+ $18) (42... Kg7 43. Qe7+ $18) 43. Bh3# 1-0